000 00657nam a22002297a 4500
003 UA-OsUOA
001 88467
007 ta
008 20121005b un ||||| |||| 00| 0 ukr d
100 _aОсманов М.- Н.О.
090 _a82.09
_bО - 74
942 _cBK
040 _aUA-OsUOA
_brus
_cUA-OsUOA
_dUA-OsUOA
245 _aСтиль персидско таджикской поэзии ХІ-Х вв
300 _a266 с.
955 _a1
041 _arus
080 _a82.09
260 _aМ.
_bВосточная литература
_c1974
650 7 _a82 Література. Літературознавство
_2UDC
999 _c374294
_d374294